000 00632nam a2200205 i 4500
001 135625
003 ES-MaACL
005 20250323063043.0
007 t|
008 070720s1985 sp ||||1| spa d
020 _a84-01-38056-1
100 1 _aTorrente Ballester, Gonzalo,
_d1910-1999
_9110850
245 1 3 _aEl golpe de estado de Guadalupe Limón /
_cGonzalo Torrente Ballester.
260 _aEsplugues de Llobregat (Barcelona) :
_bPlaza & Janés,
_c1985.
300 _a285 p. ;
_c22 cm.
490 1 _aLiteraria
830 0 _aLiteraria
_9178137
852 _aES-MaACL
_jL-8968
_bR.110536
999 _c135625
_d135625